Štruktúrne zmeny pracovnej sily v priemyselnej výrobe vplyvom Industry 4.0

Analýza dopadov Industry 4.0 na sektor priemyslu v Slovenskej republike, so zameraním na zmeny v štruktúre pracovnej sily. Znižovanie počtu nízkokvalifikovanej pracovnej sily zavádzaním nových inovačných a technologických prvkov (automatizované a robotizované) do procesov výroby, v najbližších rokoc...

Descripción completa

Guardado en:
Detalles Bibliográficos
Autor principal: Hrnčiar, Michal, 1994-
Otros Autores: Rievajová, Eva
Formato: Capítulo de libro
Lenguaje:eslovaco
Materias:
Etiquetas: Agregar Etiqueta
Sin Etiquetas, Sea el primero en etiquetar este registro!

MARC

LEADER 00000naa$a2200000$$$4500
001 0272003
005 20240502074304.8
041 0 |a slo 
044 |a SK 
245 1 0 |a Štruktúrne zmeny pracovnej sily v priemyselnej výrobe vplyvom Industry 4.0  |c Michal Hrnčiar, Eva Rievajová 
520 |a Analýza dopadov Industry 4.0 na sektor priemyslu v Slovenskej republike, so zameraním na zmeny v štruktúre pracovnej sily. Znižovanie počtu nízkokvalifikovanej pracovnej sily zavádzaním nových inovačných a technologických prvkov (automatizované a robotizované) do procesov výroby, v najbližších rokoch ako najohrozenejšia skupina zamestnancov vo väčšine vyspelých krajín. Vyššia potreba odborníkov a špecialistov v procese zavádzania nových prvkov do procesu výroby a pre účely využívania týchto prvkov v každodennej práci. Vyhodnotenie ukazovateľov súvisiacich s trhom práce so zameraním sa na priemyselnú výrobu („C“ v rámci SK NACE Rev.2), dopadov na pracovné pozície národnou klasifikáciou zamestnaní SK ISCO-08 a štatistické zisťovanie o cene práce s označením ISCP (MPSVR SR) 1-04. 
610 2 0 |a trh práce 
610 2 0 |a sily pracovné 
610 2 0 |a miesta pracovné 
610 2 0 |a automatizácia práce 
610 2 0 |a výroba priemyselná 
610 2 0 |a priemysel 4.0 
610 2 0 |a inovácie technologické 
610 2 0 |a Slovensko 
100 1 |a Hrnčiar, Michal, 1994- 
700 1 |a Rievajová, Eva